Mindanao : (Record no. 109125)
[ view plain ]
| 000 -LEADER | |
|---|---|
| fixed length control field | 00327nam a2200121 a 4500 |
| 005 - DATE AND TIME OF LATEST TRANSACTION | |
| control field | 20140414093838.0 |
| 008 - FIXED-LENGTH DATA ELEMENTS--GENERAL INFORMATION | |
| fixed length control field | 030923s19uu xx 00 eng d |
| 050 ## - LIBRARY OF CONGRESS CALL NUMBER | |
| Classification number | VHS 900 |
| Item number | OR 28 |
| 100 ## - MAIN ENTRY--PERSONAL NAME | |
| Personal name | Rodrigo, Raul |
| 245 ## - TITLE STATEMENT | |
| Title | Mindanao : |
| Remainder of title | healing the past , building the future / |
| Statement of responsibility, etc | Raul Rodrigo. |
| 942 ## - ADDED ENTRY ELEMENTS (KOHA) | |
| Koha item type | Audio Visual Materials |
| Withdrawn status | Lost status | Damaged status | Home library | Current library | Shelving location | Date acquired | Source of acquisition | Cost, normal purchase price | Total Checkouts | Full call number | Barcode | Date last seen | Price effective from | Koha item type |
|---|---|---|---|---|---|---|---|---|---|---|---|---|---|---|
| Luxembourg Library | Luxembourg Library | Audio Visual Material Section | 09/23/2003 | 100.00 | VHS 900 OR 28 | AV0736 | 04/14/2014 | 04/14/2014 | Audio Visual Materials |